Cuatro miradas sobre Costa / (Record no. 182205)

MARC details
000 -LEADER
campo de control de longitud fija 00966nam a2200229 i 4500
001 - NÚMERO DE CONTROL
campo de control 182205
003 - IDENTIFICADOR DE NÚMERO DE CONTROL
campo de control ES-MaACL
005 - FECHA Y HORA DE LA ÚLTIMA TRANSACCIÓN
campo de control 20250902093017.0
008 - DATOS DE LONGITUD FIJA--INFORMACIÓN GENERAL
campo de control de longitud fija 130626s2011 sp | |||||||| | spa d
080 ## - NÚMERO DE LA CLASIFICACIÓN DECIMAL UNIVERSAL
Número de la Clasificación Decimal Universal 32 Costa, Joaquín
245 00 - MENCIÓN DEL TÍTULO
Título Cuatro miradas sobre Costa /
Mención de responsabilidad, etc. Eloy Fernández Clemente, coordinador ; Cristóbal Gómez Benito, Víctor M. Juan Borroy, Fernando García Vicente, Guillermo Fatás Cabeza.
260 ## - PUBLICACIÓN, DISTRIBUCIÓN, ETC.
Lugar de publicación, distribución, etc. [Zaragoza] :
Nombre del editor, distribuidor, etc. Real Sociedad Económica Aragonesa de Amigos del País,
Fecha de publicación, distribución, etc. imp. 2011.
300 ## - DESCRIPCIÓN FÍSICA
Extensión 181 p. ;
Dimensiones 22 cm.
504 ## - NOTA DE BIBLIOGRAFÍA, ETC.
Nota de bibliografía, etc. Referencias bibliográficas.
600 14 - PUNTO DE ACCESO ADICIONAL DE MATERIA--NOMBRE DE PERSONA
Nombre de persona Costa, Joaquín,
Fechas asociadas al nombre 1846-1911
9 (RLIN) 41054
700 1# - ENTRADA AGREGADA--NOMBRE PERSONAL
Nombre de persona Gómez Benito, Cristóbal.
9 (RLIN) 57838
700 0# - ENTRADA AGREGADA--NOMBRE PERSONAL
Nombre de persona Fernández Clemente, Eloy,
Fechas asociadas al nombre 1942-2022
9 (RLIN) 49582
710 2# - ENTRADA AGREGADA--NOMBRE DE ENTIDAD CORPORATIVA
Nombre de entidad corporativa o nombre de jurisdicción como elemento de entrada Real Sociedad Económica Aragonesa de Amigos del País
9 (RLIN) 6382
852 ## - LOCALIZACIÓN
Ubicación ES-MaACL
Número de control de estantería A-12778
itemnumber 189116
Sublocalización o colección R.148744
Ubicación en estantería Depósito 1
Signatura antigua Olim: N-5778
942 ## - ELEMENTOS DE ENTRADA SECUNDARIOS (KOHA)
Fuente del sistema de clasificación o colocación Clasificación decimal universal
Tipo de ítem Koha Libro impreso
Holdings
Estatus retirado Estado de pérdida Fuente del sistema de clasificación o colocación Estado de daño No para préstamo Biblioteca de origen Biblioteca actual Ubicación en estantería Fecha de adquisición Fuente de adquisición Total de préstamos Signatura topográfica completa Código de barras Visto por última vez Precio de reemplazo Tipo de ítem Koha
    Clasificación decimal universal     Biblioteca del Ateneo de Madrid Biblioteca del Ateneo de Madrid Depósito 1 26/06/2013 Donación   A-12778 1191476 23/02/2023 23/02/2023 Libro impreso